| 000 | 00372nam a22001577a 4500 | ||
|---|---|---|---|
| 999 |
_c7854 _d7854 |
||
| 003 | OSt | ||
| 005 | 20190318201858.0 | ||
| 008 | 190318b ||||| |||| 00| 0 eng d | ||
| 040 | _cDLC | ||
| 082 |
_a230 _bF828g |
||
| 100 | _aFrank, E. | ||
| 245 | _aGod and his plan with Humanity | ||
| 260 |
_aKrefeld: _bEwald Frank _cc. 1986 |
||
| 300 |
_a48 p.; _c20 cm |
||
| 942 |
_2ddc _cBK |
||